Aplicación del estándar IEEE Std.1547
שמור ב:
| מחבר ראשי: | |
|---|---|
| מחברים אחרים: | |
| פורמט: | ספר |
| שפה: | Spanish |
| יצא לאור: |
[San José, Costa Rica]
2013
|
| נושאים: | |
| תגים: |
הוספת תג
אין תגיות, היה/י הראשונ/ה לתייג את הרשומה!
|
MARC
| LEADER | 00000nam a22000007a 4500 | ||
|---|---|---|---|
| 003 | 011934 | ||
| 005 | 20230817154907.0 | ||
| 008 | 150312b2013 cr a|||| |||| 00| ||spa d | ||
| 040 | |c cru CEDI | ||
| 100 | |9 1127 |a Oreamuno Leandro, Carlos, 1987- | ||
| 245 | |a Aplicación del estándar IEEE Std.1547 | ||
| 260 | |a [San José, Costa Rica] |c 2013 | ||
| 300 | |a 163 hojas, aproximadamente 18 hojas : ilustraciones | ||
| 500 | |a Proyecto de graduación (bachillerato en ingeniería eléctrica)--Universidad de Costa Rica. Facultad de Ingeniería. Escuela de Ingeniería Eléctrica | ||
| 501 | |a Profesor Guía de IE-0502 Proyecto Eléctrico: Ing. Peter Zeledón Méndez | ||
| 650 | |x SISTEMAS DE ENERGIA ELECTRICA |x DISTRIBUCION DE ENERGIA ELECTRICA |x INGENIERÍA ELÉCTRICA |x GENERACION DE ENERGIA |x GENERACION DISTRIBUIDA DE ENERGIA ELECTRICA |x TRANSFORMADORES ELECTRICOS |x TRANSMISION DE POTENCIA |x LINEAS ELECTRICAS |9 426 | ||
| 700 | |9 702 |a Zeledón Méndez, Peter Bernal, 1976 |d Director de Proyecto Eléctrico | ||
| 942 | |c CEDI |h TFG 7100 |6 TFG_7100_000000000000000 | ||
| 999 | |c 13685 |d 13685 | ||
